000 00210 a2200097 4500
001 39937
100 _aHarmatz, M G
245 _aHuman Sexuality
260 _aNew York
_bHarper & Row
_c
090 _c24928
_d24928
942 _aNUST-CAE
_cM
_c16589
999 _c275010
_d275010